<?xml version="1.0" encoding="UTF-8"?>
<collection xmlns="http://www.loc.gov/MARC21/slim">
 <record>
  <leader>02668nam a2200265 a 4500</leader>
  <controlfield tag="001">1/45198</controlfield>
  <controlfield tag="008">140819s2003    ne            001 0 eng  </controlfield>
  <datafield tag="020" ind1=" " ind2=" ">
   <subfield code="a">9780750658034</subfield>
  </datafield>
  <datafield tag="020" ind1=" " ind2=" ">
   <subfield code="a">0750658037</subfield>
  </datafield>
  <datafield tag="035" ind1=" " ind2=" ">
   <subfield code="l">48157</subfield>
  </datafield>
  <datafield tag="040" ind1=" " ind2=" ">
   <subfield code="a">OPELS</subfield>
   <subfield code="b">eng</subfield>
   <subfield code="c">OPELS</subfield>
   <subfield code="d">OCLCQ</subfield>
   <subfield code="d">SINTU</subfield>
   <subfield code="d">UWW</subfield>
   <subfield code="d">DEBBG</subfield>
   <subfield code="d">OCLCE</subfield>
   <subfield code="d">E7B</subfield>
   <subfield code="d">OCLCQ</subfield>
   <subfield code="d">OCLCO</subfield>
   <subfield code="d">OCLCF</subfield>
   <subfield code="d">GR-PeUP</subfield>
  </datafield>
  <datafield tag="100" ind1="1" ind2=" ">
   <subfield code="a">Bailey, David.</subfield>
  </datafield>
  <datafield tag="245" ind1="1" ind2="0">
   <subfield code="a">Practical radio engineering and telemetry for industry</subfield>
   <subfield code="h">[electronic resource] /</subfield>
   <subfield code="c">David Bailey.</subfield>
  </datafield>
  <datafield tag="260" ind1=" " ind2=" ">
   <subfield code="a">Amsterdam ;</subfield>
   <subfield code="a">New York :</subfield>
   <subfield code="b">Elsevier,</subfield>
   <subfield code="c">c2003.</subfield>
  </datafield>
  <datafield tag="300" ind1=" " ind2=" ">
   <subfield code="a">1 online resource (x, 283 p.) :</subfield>
   <subfield code="b">ill.</subfield>
  </datafield>
  <datafield tag="520" ind1=" " ind2=" ">
   <subfield code="a">Instrumentation and control, and electrical power engineering are increasingly reliant on radio-based communication technology. This is a comprehensive book covering the essentials of telemetry and radio communications. It explains the principles of telemetry and radio communications, describes their application and equips you with the skills to analyse, specify and debug telemetry and radio communications systems. Key issues addressed in this book are: * how to design and install radio (wireless) links * apply latest satellite technologies to your telemetry system * how to design and install microwave links * troubleshoot telemetry communications problems * tips, tricks and traps with radio links A guide to the design, installation and utilization of radio applications in instrumentation and control, and electrical power engineering Explains the principles of telemetry and radio communications, describes their application and equips you with the skills to analyse, specify and debug telemetry and radio communications systems Addresses topical areas such as designing and installing wireless communications links, the application of satellite technologies in telemetry, microwave links, etc.</subfield>
  </datafield>
  <datafield tag="505" ind1="0" ind2=" ">
   <subfield code="a">Preface; Radio Technology; Line of Sight Microwave Systems; Satellite Systems; Reliability and Availability; Infrastructure Requirements for Master Sites and RTUs; Integrating Telemetry Systems into Existing Radio Systems; Miscellaneous Telemetry Systems; Practical System Examples; Future Trends in Technology; Appendix A: Glossary of Terms; Appendix B: Path Loss Calculation Formula; Appendix C: Data Sheets; Appendix D: Local Services, Regulations and Standards.</subfield>
  </datafield>
  <datafield tag="504" ind1=" " ind2=" ">
   <subfield code="a">Includes bibliographical references and index.</subfield>
  </datafield>
  <datafield tag="650" ind1=" " ind2="4">
   <subfield code="a">Radio.</subfield>
  </datafield>
  <datafield tag="650" ind1=" " ind2="4">
   <subfield code="a">Telemeter.</subfield>
  </datafield>
  <datafield tag="655" ind1=" " ind2="4">
   <subfield code="a">Electronic books.</subfield>
  </datafield>
  <datafield tag="852" ind1=" " ind2=" ">
   <subfield code="a">INST</subfield>
   <subfield code="b">UNIPILB</subfield>
   <subfield code="c">EBOOKS</subfield>
   <subfield code="e">20140819</subfield>
   <subfield code="p">00b48157</subfield>
   <subfield code="q">00b48157</subfield>
   <subfield code="t">ONLINE</subfield>
   <subfield code="y">0</subfield>
  </datafield>
  <datafield tag="856" ind1="4" ind2="0">
   <subfield code="3">ScienceDirect</subfield>
   <subfield code="u">http://www.sciencedirect.com/science/book/9780750658034</subfield>
  </datafield>
  <datafield tag="856" ind1="4" ind2=" ">
   <subfield code="d">/webopac/covers/03/48157_9780750658034.jpg</subfield>
  </datafield>
  <datafield tag="856" ind1="4" ind2=" ">
   <subfield code="d">/webopac/covers/03/48157_0750658037.jpg</subfield>
  </datafield>
 </record>
</collection>
